01483nam a2200385 i 450000100060000000300080000600500170001400600190003100700150005000800410006502000180010602000270012403500220015104000310017305000230020408000190022708200170024610000300026324500890029326400500038230000420043233600290047433700330050333800390053650400290057558800830060459001620068765000430084965000440089265500270093670000360096379700180099985600630101799900170108025807FINmELB20241216215842.0m o u cr cn|||||||||210730s2020 mx ob 000 0 spa d z9786076294772 a9786076295274 (e-book) a(OCoLC)1269023921 aFINmELBbspaerdacFINmELB14aKGF4589bP944 2020 a34:351.713(72)04a343.72042231 aPérez Chávez, José.10aOtras disposiciones fiscales 2020 /cJosé Pérez Chávez, Raymundo Fol Olguín. 1aMéxico, D.F. :bTax Editores Unidos,c2020. a1 recurso en línea (1169 páginas) atextobtxt2rdamedia/spa acomputadorabc2rdamedia/spa arecurso en línea2rdacarrier/spa aContiene bibliografía. aDescripción basada en metadatos suministrados por el editor y otras fuentes. aRecurso electrónico. Santa Fe, Arg.: elibro, 2021. Disponible vía World Wide Web. El acceso puede estar limitado para las bibliotecas afiliadas a elibro. 0aTaxationxLaw and legislationzMexico. 4aTributaciónxLegislaciónzMéxico. 4aLibros electrónicos.1 aFol Olguín, Raymundo,eautor.2 aelibro, Corp.40uhttps://elibro.net/ereader/politecnicointernacional/128893 c25807d25807